Countries who did participate before but won't in Eurovision 2026 - Statistics

General Stats
  • This quiz has been taken 26 times
  • The average score is 14 of 15
Answer Stats
Answer % Correct
Netherlands
100%
Ireland
96%
Russia
96%
Slovenia
96%
Spain
96%
Andorra
92%
Belarus
92%
Iceland
92%
Slovakia
92%
Turkey
92%
Bosnia and Herzegovina
84%
Monaco
84%
Morocco
84%
North Macedonia
84%
Hungary
80%
No matching quizzes found
Score Distribution
Percent of People with Each Score
Percentile by Number Answered
Your Score History
You have not taken this quiz